[Event "AUTO-OPEN-1030"]
[Site "http://www.queenalice.com/game.php?id=360543"]
[Date "2008.2.25"]
[Round "1"]
[White "SRIVERO"]
[Black "Jailso"]
[Result "0-1"]
[WhiteElo "1636"]
[BlackElo "1500"]

1. d4 d5 2. c4 e6 3. Nc3 Nf6 4. Bg5 Nbd7 5. Nf3 c6 6. e3 Qa5 7. a3 Ne4 8. Qc2
Nxg5 9. Nxg5 dxc4 10. Nxh7 Bb4 11. Bxc4 Bxc3+ 12. bxc3 Rxh7 13. O-O Qh5 14. Rae1
Qxh2# 0-1

[Event "AUTO-OPEN-1048"]
[Site "http://www.queenalice.com/game.php?id=368251"]
[Date "2008.3.9"]
[Round "1"]
[White "Jailso"]
[Black "ramongarcia"]
[Result "1/2-1/2"]
[WhiteElo "1863"]
[BlackElo "2361"]

1. e4 e5 2. Nf3 Nc6 3. d4 exd4 4. Nxd4 Bc5 5. c3 Qf6 6. Be3 Nge7 7. Be2 d5 8.
O-O O-O 9. Nxc6 Qxc6 10. Bxc5 Qxc5 11. Nd2 dxe4 12. Nxe4 Qb6 13. Qb3 Be6 14.
Qxb6 axb6 15. a3 Rad8 16. Rad1 Bb3 17. Rxd8 Rxd8 18. Re1 Ng6 19. g3 Ne5 20. f4
Nc4 21. Bxc4 Bxc4 22. Nd2 Bb5 23. c4 Bc6 24. Nf1 1/2-1/2

[Event "AUTO-OPEN-1048"]
[Site "http://www.queenalice.com/game.php?id=368252"]
[Date "2008.3.9"]
[Round "1"]
[White "ramongarcia"]
[Black "Jailso"]
[Result "0-1"]
[WhiteElo "2260"]
[BlackElo "1863"]

1. e4 c5 2. Nc3 e6 3. Nf3 Nc6 4. d4 cxd4 5. Nxd4 Nf6 6. Ndb5 d6 7. Bf4 e5 8. Bg5
a6 9. Na3 Be6 10. Bxf6 Qxf6 11. Nd5 Bxd5 12. Qxd5 Be7 13. Nc4 Nb4 14. Qd2 d5 15.
exd5 Rd8 16. Ne3 Bc5 17. c4 Qg6 18. Be2 Bxe3 19. Qxb4 Qxg2 20. Rf1 Bd4 21. Bd3
Qf3 22. Be2 Qf4 23. Rd1 Qxh2 24. Qxb7 O-O 25. Qb3 Rb8 26. Qf3 Qh6 0-1

[Event "AUTO-OPEN-1048"]
[Site "http://www.queenalice.com/game.php?id=368253"]
[Date "2008.3.9"]
[Round "1"]
[White "Jailso"]
[Black "Endgamer"]
[Result "1-0"]
[WhiteElo "1706"]
[BlackElo "1526"]

1. e4 c6 2. d4 d5 3. Nc3 dxe4 4. Nxe4 Bf5 5. Ng3 Bg6 6. f4 h6 7. Nf3 Nd7 8. Bc4
Ngf6 9. O-O e6 10. Qe2 Be7 11. f5 exf5 12. Nh4 Nf8 13. Ngxf5 Bxf5 14. Nxf5 Rg8
15. Re1 Ng6 16. b3 Nd5 17. Bxd5 cxd5 18. Ba3 Kf8 19. Nxe7 1-0

[Event "AUTO-OPEN-1048"]
[Site "http://www.queenalice.com/game.php?id=368254"]
[Date "2008.3.9"]
[Round "1"]
[White "Endgamer"]
[Black "Jailso"]
[Result "0-1"]
[WhiteElo "1599"]
[BlackElo "1791"]

1. e4 c5 2. d4 cxd4 3. c3 dxc3 4. Nxc3 Nc6 5. Nf3 e6 6. Bc4 a6 7. O-O Qc7 8. a3
Nf6 9. Re1 d6 10. Bf4 Be7 11. e5 dxe5 12. Nxe5 Nxe5 13. Qa4+ Bd7 14. Bxe5 Qxe5
15. Rxe5 Bxa4 16. Nxa4 b5 17. Nb6 Rb8 18. Bxb5+ axb5 19. Rxb5 Bd8 20. b4 Bxb6
21. a4 O-O 22. a5 Bxf2+ 0-1

[Event "AUTO-ADV-897"]
[Site "http://www.queenalice.com/game.php?id=397992"]
[Date "2008.5.4"]
[Round "1"]
[White "Jailso"]
[Black "luhosavi"]
[Result "1/2-1/2"]
[WhiteElo "1963"]
[BlackElo "2166"]

1. d4 Nf6 2. c4 g6 3. Nc3 Bg7 4. e4 d6 5. f3 O-O 6. Be3 c5 7. dxc5 dxc5 8. Qxd8
Rxd8 9. Bxc5 e6 10. Nh3 Nfd7 11. Be7 Re8 12. Bg5 Nc6 13. O-O-O a6 14. Kb1 Bxc3
15. bxc3 e5 16. Be2 f6 17. Be3 Na5 18. Rd5 b6 19. Rhd1 Re7 20. c5 bxc5 21. Bxc5
Nxc5 22. Rxc5 Rb8+ 23. Kc2 Bxh3 24. Rxa5 Bxg2 25. Rxa6 Reb7 26. Rdd6 Rb2+ 27.
Kd3 Rf8 28. Ra7 f5 29. Rdd7 fxe4+ 30. Kxe4 Rf4+ 31. Kxe5 Rf5+ 32. Kd4 Rxe2 33.
Rg7+ Kf8 34. Rxh7 Kg8 35. Rhg7+ Kf8 36. Rh7 Kg8 1/2-1/2

[Event "AUTO-ADV-897"]
[Site "http://www.queenalice.com/game.php?id=397993"]
[Date "2008.5.4"]
[Round "1"]
[White "luhosavi"]
[Black "Jailso"]
[Result "0-1"]
[WhiteElo "2121"]
[BlackElo "1939"]

1. e4 c5 2. Nc3 Nc6 3. f4 e6 4. Nf3 d5 5. Bb5 d4 6. Bxc6+ bxc6 7. Ne2 d3 8. Ng3
c4 9. b3 h5 10. h4 Qf6 11. e5 Qxf4 12. Rh3 Bc5 13. cxd3 cxd3 14. Bb2 Bb6 15. Rc1
Ba6 16. Rxc6 Ne7 17. Rc1 Nd5 18. a3 Qg4 19. Ng5 Nf4 20. Qxg4 hxg4 21. Rh2 Rxh4
22. Rxh4 Nxg2+ 23. Kf1 Nxh4 24. N3e4 Ke7 25. Nc5 g3 26. Nge4 Bb7 27. Nxb7 g2+
0-1

[Event "AUTO-ADV-897"]
[Site "http://www.queenalice.com/game.php?id=397994"]
[Date "2008.5.4"]
[Round "1"]
[White "Jailso"]
[Black "alvarogoulart"]
[Result "1-0"]
[WhiteElo "1916"]
[BlackElo "1880"]

1. d4 g6 2. e4 Bg7 3. Nf3 Nc6 4. Bc4 d6 5. O-O Nf6 6. d5 Ne5 7. Nxe5 dxe5 8. Nc3
O-O 9. a4 a5 10. Qe2 c6 11. dxc6 bxc6 12. Be3 Bb7 13. Rfd1 Qc8 14. Rab1 Qg4 15.
Qxg4 Nxg4 16. Bc5 Rfe8 17. Rd7 Ba6 18. Bxa6 Rxa6 19. Bxe7 Bf6 20. Bc5 Bg5 21.
Rbd1 Nf6 22. Rb7 Kg7 23. g3 Nh5 24. Rdd7 Rg8 25. Rxf7+ Kh8 26. Rxh7# 1-0

[Event "AUTO-ADV-897"]
[Site "http://www.queenalice.com/game.php?id=397995"]
[Date "2008.5.4"]
[Round "1"]
[White "alvarogoulart"]
[Black "Jailso"]
[Result "0-1"]
[WhiteElo "1761"]
[BlackElo "1972"]

1. e4 c5 2. Bc4 e6 3. Nf3 d5 4. exd5 exd5 5. Bb5+ Bd7 6. Bxd7+ Nxd7 7. O-O Bd6
8. Nc3 Ne7 9. d4 c4 10. Nb5 Bb8 11. Qe2 O-O 12. g3 Nf5 13. c3 a6 14. Na3 Bd6 15.
Nc2 Re8 16. Ne3 Nf6 17. Ne5 Nxe3 18. fxe3 Bxe5 19. dxe5 Rxe5 20. Rf4 Qb6 21. h4
Rae8 22. Rd4 Ne4 23. Kg2 Rf5 24. Qg4 Rf2+ 25. Kh3 Rc2 26. Qd7 Rd8 27. Qf5 Qd6
28. Qf4 Nf2+ 29. Kg2 Nd3+ 30. Kh3 Nxf4+ 31. exf4 Qe6+ 32. g4 Qe2 33. Rd2 Qf1+
34. Kg3 Rxd2 35. Bxd2 Qxa1 36. f5 Re8 37. h5 Qxb2 38. Bg5 Qxc3+ 39. Kh4 Re1 40.
Bf4 Rh1+ 41. Kg5 h6# 0-1

[Event "AUTO-ADV-897"]
[Site "http://www.queenalice.com/game.php?id=397996"]
[Date "2008.5.4"]
[Round "1"]
[White "Jailso"]
[Black "bragchez"]
[Result "1-0"]
[WhiteElo "1973"]
[BlackElo "1488"]

1. d4 g6 2. e4 Bg7 3. Nf3 d6 4. Bc4 Bg4 5. Bxf7+ Kxf7 6. Ng5+ Kf8 7. Qxg4 Nf6 8.
Ne6+ Kf7 9. Nxd8+ Rxd8 10. Qf3 Kg8 11. Bg5 Nh5 12. c3 Rf8 13. Qe2 Nd7 14. Nd2 e5
15. O-O-O exd4 16. cxd4 Bxd4 17. Qc4+ d5 18. Qxd5+ Kh8 19. Qxd4+ Ndf6 20. g4
Rad8 21. Qc3 Kg7 22. gxh5 Kf7 23. Qxf6+ Kg8 24. Qe6+ 1-0

[Event "AUTO-ADV-897"]
[Site "http://www.queenalice.com/game.php?id=397997"]
[Date "2008.5.4"]
[Round "1"]
[White "bragchez"]
[Black "Jailso"]
[Result "0-1"]
[WhiteElo "1488"]
[BlackElo "1973"]

1. e4 c5 2. c3 d5 3. e5 Nc6 4. Nf3 Bg4 5. Bb5 Qb6 6. a4 O-O-O 7. O-O Nxe5 8. Be2
Bxf3 9. Bxf3 Nf6 10. b3 e6 11. d4 cxd4 12. cxd4 Nxf3+ 13. Qxf3 Qxd4 14. Nc3 Bd6
15. Nb5 Qxa1 16. Bf4 Qb2 17. Nxd6+ Rxd6 18. Bxd6 Kd7 19. Bb4 Rc8 20. h3 Qd4 21.
Ba3 Rc3 22. Qe2 Rxb3 23. Bf8 Rb2 0-1

[Event "AUTO-OPEN-1048"]
[Site "http://www.queenalice.com/game.php?id=436558"]
[Date "2008.7.21"]
[Round "2"]
[White "marcao"]
[Black "Jailso"]
[Result "1-0"]
[WhiteElo "1718"]
[BlackElo "1916"]

1. d4 d5 2. Nf3 Nf6 3. Nc3 Bf5 4. Bf4 c6 5. e3 e6 6. Bd3 Bxd3 7. Qxd3 Bd6 8. O-O
O-O 9. Ng5 Bxf4 10. exf4 Nbd7 11. Rfe1 Qc7 12. g3 c5 13. Nb5 Qb6 14. a4 a6 15.
Nc3 cxd4 16. Ne2 h6 17. Nf3 Rac8 18. b3 Ne4 19. Nexd4 Rc3 20. Qe2 Rfc8 21. Ra2
Rxf3 22. Nxf3 1-0

[Event "AUTO-OPEN-1048"]
[Site "http://www.queenalice.com/game.php?id=436559"]
[Date "2008.7.21"]
[Round "2"]
[White "Jailso"]
[Black "marcao"]
[Result "0-1"]
[WhiteElo "1942"]
[BlackElo "1692"]

1. d4 d5 2. c4 Nf6 3. Nc3 c6 4. Nf3 dxc4 5. e4 b5 6. a4 b4 7. Na2 Nxe4 8. Bxc4
Bg4 9. Bxf7+ Kxf7 10. Ne5+ Ke8 11. Qxg4 Qxd4 12. Qc8+ Qd8 13. Qxd8+ Kxd8 14.
Nf7+ Ke8 15. Nxh8 e6 16. O-O c5 17. Re1 Nf6 18. Rxe6+ Be7 19. Bf4 Kf8 20. Rae1
Ng8 0-1

[Event "AUTO-OPEN-1048"]
[Site "http://www.queenalice.com/game.php?id=436562"]
[Date "2008.7.21"]
[Round "2"]
[White "Pedro666"]
[Black "Jailso"]
[Result "1-0"]
[WhiteElo "2287"]
[BlackElo "1980"]

1. d4 d5 2. c4 e6 3. Nc3 Nf6 4. Bg5 Nbd7 5. e3 c6 6. Nf3 Qa5 7. Nd2 Bb4 8. Qc2
O-O 9. Bh4 dxc4 10. Nxc4 Qh5 11. Bg3 c5 12. Be2 Qg6 13. Bd3 Qh5 14. O-O cxd4 15.
exd4 1-0

[Event "AUTO-OPEN-1048"]
[Site "http://www.queenalice.com/game.php?id=436563"]
[Date "2008.7.21"]
[Round "2"]
[White "Jailso"]
[Black "Pedro666"]
[Result "0-1"]
[WhiteElo "1975"]
[BlackElo "2290"]

1. d4 Nf6 2. c4 g6 3. Nc3 Bg7 4. e4 d6 5. f3 e5 6. dxe5 dxe5 7. Qxd8+ Kxd8 8.
Bg5 h6 9. O-O-O+ Ke8 10. Bh4 c6 11. Bg3 Nh5 12. Bf2 Be6 13. g4 Nf4 14. Nge2 Nd7
0-1

[Event "Challenge"]
[Site "http://www.queenalice.com/game.php?id=447486"]
[Date "2008.8.12"]
[Round "-"]
[White "Jailso"]
[Black "KLEOJ"]
[Result "0-1"]
[WhiteElo "1892"]
[BlackElo "2137"]

1. d4 f5 2. c4 e6 3. Nf3 Nf6 4. g3 Be7 5. Bg2 O-O 6. O-O d6 7. Nc3 Nbd7 8. Qc2
Qe8 9. b4 Qh5 10. Nd2 e5 11. dxe5 dxe5 12. Nd5 Nxd5 13. Bxd5+ Kh8 14. Nb3 Nf6
15. f4 Ng4 16. e3 Bf6 17. Rb1 e4 0-1

[Event "Challenge"]
[Site "http://www.queenalice.com/game.php?id=449910"]
[Date "2008.8.17"]
[Round "-"]
[White "Jailso"]
[Black "KLEOJ"]
[Result "0-1"]
[WhiteElo "1905"]
[BlackElo "2099"]

1. d4 f5 2. g3 Nf6 3. Bg2 e6 4. Nf3 Be7 5. c4 O-O 6. O-O d6 7. Nc3 Nbd7 8. Qc2
e5 9. Qxf5 Nb6 10. Qd3 Ng4 11. dxe5 Bf5 12. e4 Be6 13. exd6 Bxd6 14. b3 Qf6 15.
Bg5 Qg6 16. h4 h6 17. Bd2 Rad8 18. Qc2 Bc5 19. Bf4 Rd7 20. Rad1 c6 21. Rxd7 Nxd7
22. Ne2 Ndf6 23. Nfd4 Bc8 24. Qb1 Nh5 25. b4 Bxd4 26. Nxd4 Nxf4 27. gxf4 Rxf4
28. Qb3 Ne5 29. c5+ Kh8 30. Ne2 Rxh4 31. Rd1 Be6 32. Rd8+ Kh7 33. Qg3 Rg4 34.
Qxe5 Rxg2+ 35. Kf1 Bc4 36. Ke1 Bxe2 37. Kxe2 Qg4+ 38. Ke3 Qh3+ 39. f3 Rg6 40.
Qb8 Rf6 41. Rh8+ Kg6 42. Qe8+ Rf7 43. Rf8 Qxf3+ 44. Kd2 Qf2+ 45. Kd3 Qxa2 46. e5
Qd5+ 0-1

[Event "AUTO-ADV-897"]
[Site "http://www.queenalice.com/game.php?id=477326"]
[Date "2008.10.14"]
[Round "2"]
[White "BobGomes"]
[Black "Jailso"]
[Result "0-1"]
[WhiteElo "1962"]
[BlackElo "1886"]

1. e4 c5 2. Nf3 e6 3. d4 cxd4 4. Nxd4 a6 5. Nc3 Qc7 6. Be3 Nc6 7. Bd3 Nf6 8. O-O
b5 9. Nf3 Ng4 10. Bd2 Nd4 11. g3 h5 12. Nxd4 Bc5 13. Nce2 Bb7 14. c3 h4 15. Nf3
hxg3 16. Nxg3 Rxh2 17. Nxh2 Qxg3+ 0-1

[Event "AUTO-ADV-897"]
[Site "http://www.queenalice.com/game.php?id=477327"]
[Date "2008.10.14"]
[Round "2"]
[White "Jailso"]
[Black "BobGomes"]
[Result "0-1"]
[WhiteElo "1897"]
[BlackElo "1940"]

1. d4 d5 2. c4 c6 3. Nc3 dxc4 4. e4 b5 5. a4 Ba6 6. axb5 cxb5 7. b3 Qd7 8. Bf4
Bc8 9. bxc4 bxc4 10. Bxc4 Bb7 11. Nf3 e6 12. Bxb8 Rxb8 13. Rxa7 Bb4 14. Qb3
Bxc3+ 15. Qxc3 Qc8 16. O-O Ne7 17. Bb5+ Bc6 18. Rxe7+ Kxe7 19. Qxc6 Qxc6 20.
Bxc6 Rhc8 21. d5 exd5 22. exd5 h6 23. Nd4 g6 24. Re1+ Kd6 25. f4 Rb4 26. Nb5+
Kc5 27. Rc1+ Kb6 28. Nd6 Rc7 0-1